| 000 | 00799cab a2200253 4500 | ||
|---|---|---|---|
| 001 | ABS48875 | ||
| 008 | 090401t1993 xxu||||| |||| 00| 0 eng d | ||
| 035 | _a(Sirsi) u68939 | ||
| 041 | _aeng | ||
| 100 | _aMarvin, P. | ||
| 245 | _aSimplifying house buying procedures | ||
| 260 | _c1993 | ||
| 350 | _a0 | ||
| 490 |
_aValuer (ISVA) _v62(5) June 1993, 7(1) |
||
| 520 | _aReports on Teresa Gorman`s House Purchase (Simplification) Bill under the ten minute rule. It introduces a simple process of buying a house along Australian lines. | ||
| 650 | _aCONVEYANCING | ||
| 650 | _aHOUSE PURCHASE (SIMPLIFICATION) BILL | ||
| 650 | _aHOUSE PURCHASE | ||
| 650 | _aNATIONAL PROPERTY DATABASE | ||
| 650 | _aSCOTLAND | ||
| 690 | _aPROPERTY LAW AND PRACTICE | ||
| 942 | _n0 | ||
| 948 | _c04/03/1997 | ||
| 999 |
_c43285 _d43285 |
||